| Registos Bibliográficos associados ao registo de autoridade |
|
Etiqueta de registo: 00000nam 2200025 450 001 2009556 003 http://id.bnportugal.gov.pt/bib/catbnp/2009556 010 ## $a978-972-53-0617-8 021 ## $aPT$b443259/18 100 ## $a20181227d2018 cd y0pory01030103ba 101 1# $apor$ceng 102 ## $aPT 105 ## $aa z 000fy 106 ## $ar 200 1# $a O melro artista$fMarion Deuchars$gtrad. Jorge Lima 205 ## $a1ª ed 210 #9 $aLisboa$cBizâncio,$d2018 215 ## $a[32] p.$cil.$d30 cm 304 ## $aTít. orig.: Bob, the artist 675 ## $a087.5$vBN$zpor$3287999 675 ## $a821.111-93"20"$vBN$zpor$31119373 675 ## $a821.111-34"20"$vBN$zpor$31052899 700 #1 $aDeuchars,$bMarion,$f1964-$31736658 702 #1 $94$aLima,$bJorge$4730$3101851 801 #0 $aPT$bBN$gRPC 856 41 $uhttp://rnod.bnportugal.gov.pt/ImagesBN/winlibimg.aspx?skey=&doc=2009556&img=118719&save=true 900 ## $aBIBNAC$d20190109 966 ## $lBN$mFGMON$sP. 52069 V.$x1 966 ## $lBN$mFGMON$sP. 52069 V.-D$x1
Etiqueta de registo: 00000nam 2200025 450 001 2015092 003 http://id.bnportugal.gov.pt/bib/catbnp/2015092 010 ## $a978-989-679-375-3 021 ## $aPT$b394604/15 100 ## $a20190219d2015 c y0pory01030103ba 101 1# $apor 102 ## $aPT 105 ## $aa z 000yy 106 ## $ar 200 1# $aDesenha pinta e cria como os grandes artistas$fMarion Deuchars$gtrad. Catarina Oliveira 205 ## $a1ª ed 210 #9 $aLisboa$cEdicare,$d2015 215 ## $a[240] p.$cil.$d29 cm 675 ## $a087.5$vBN$zpor$3287999 675 ## $a75A/Z"18/19"(0.053.5/.6)$vBN$zpor$31744184 675 ## $a75(035)(0.053.5/.6)$vBN$zpor$31744183 675 ## $a741(035)(0.053.5/.6)$vBN$zpor$31744182 700 #1 $aDeuchars,$bMarion,$f1964-$31736658 702 #1 $98$aOliveira,$bCatarina$4730$31745438 801 #0 $aPT$bBN$gRPC 856 41 $uhttp://rnod.bnportugal.gov.pt/ImagesBN/winlibimg.aspx?skey=&doc=2015092&img=121998&save=true 966 ## $lBN$mFGMON$sP. 52771 V.$x1 966 ## $lBN$mFGMON$sP. 52771 V.-D$x1
Etiqueta de registo: 00000nam 2200025 450 001 2014995 003 http://id.bnportugal.gov.pt/bib/catbnp/2014995 010 ## $a978-989-6793-19-7 021 ## $aPT$b383539/14 100 ## $a20190219d2015 c y0pory01030103ba 101 1# $apor 102 ## $aPT 105 ## $aa z 000yy 106 ## $ar 200 1# $aArte arte, muita arte$fMarion Deuchars$gtrad. Catarina Florindo 205 ## $a1ª ed 210 #9 $aLisboa$cEdicare,$d2015 215 ## $a[222] p.$cmuito il.$d29 cm 675 ## $a087.5$vBN$zpor$3287999 675 ## $a741(035)(0.053.5/.6)$vBN$zpor$31744182 675 ## $a75(035)(0.053.5/.6)$vBN$zpor$31744183 675 ## $a75A/Z"18/19"(0.053.5/.6)$vBN$zpor$31744184 700 #1 $aDeuchars,$bMarion,$f1964-$31736658 702 #1 $aFlorindo,$bCatarina$4730$31356329 801 #0 $aPT$bBN$gRPC 856 41 $uhttp://rnod.bnportugal.gov.pt/ImagesBN/winlibimg.aspx?skey=&doc=2014995&img=122144&save=true 900 ## $aBIBNAC$d20190313 966 ## $lBN$mFGMON$sP. 52803 V.$x1 966 ## $lBN$mFGMON$sP. 52803 V.-D$x1
Etiqueta de registo: 00000nam 2200025 450 001 2022061 003 http://id.bnportugal.gov.pt/bib/catbnp/2022061 010 ## $a978-972-53-0623-9 021 ## $aPT$b451363/19 100 ## $a20190520d2019 c y0pory01030103ba 101 1# $apor$ceng 102 ## $aPT 105 ## $aa z 000fy 106 ## $ar 200 1# $a O período azul do melro$ftexto e il. Marion Deuchars$gtrad. Jorge Lima 205 ## $a1ª ed 210 #9 $aLisboa$cBizâncio,$d2018 215 ## $a[34] p.$cil.$d30 cm 304 ## $aTít. orig.: Bob's blue period 675 ## $a087.5$vBN$zpor$3287999 675 ## $a821.111-93"20"$vBN$zpor$31119373 675 ## $a821.111-34"20"$vBN$zpor$31052899 700 #1 $aDeuchars,$bMarion,$f1964-$31736658 702 #1 $94$aLima,$bJorge$4730$3101851 801 #0 $aPT$bBN$gRPC 856 41 $uhttp://rnod.bnportugal.gov.pt/ImagesBN/winlibimg.aspx?skey=&doc=2022061&img=125491&save=true 900 ## $aBIBNAC$d20190529 966 ## $lBN$mFGMON$sP. 53350 V.$x1 966 ## $lBN$mFGMON$sP. 53350 V.-D$x1
Etiqueta de registo: 00000nam 2200025 450 001 2119962 003 http://id.bnportugal.gov.pt/bib/catbnp/2119962 010 ## $a978-972-53-0650-5 021 ## $aPT$b506735/22 100 ## $a20230105d2022 c y0pory01030103ba 101 1# $apor$ceng 102 ## $aPT 105 ## $aa z 000fy 106 ## $ar 200 1# $a O melro e a arte pop$ftexto e il. Marion Deuchars$gtrad. Jorge Lima 205 ## $a1ª ed 210 #9 $aLisboa$cBizâncio,$d2022 215 ## $a[32] p.$cil.$d30 cm 304 ## $aTít. orig.: Bob goes pop 675 ## $a087.5$vBN$zpor$3287999 675 ## $a821.111-93"20"$vBN$zpor$31119373 675 ## $a821.111-34"20"$vBN$zpor$31052899 700 #1 $aDeuchars,$bMarion,$f1964-$31736658 702 #1 $94$aLima,$bJorge$4730$3101851 801 #0 $aPT$bBN$gRPC 856 41 $uhttp://rnod.bnportugal.gov.pt/ImagesBN/winlibimg.aspx?skey=&doc=2119962&img=172965&save=true 900 ## $aBIBNAC$d20230113 966 ## $lBN$mFGMON$sP. 61448 V.$x1 966 ## $lBN$mFGMON$sP. 61448 V.-D$x1 971 ## $carosa$d20230105 972 ## $e0$z0$d20230113$vasantos 973 ## $cmlsousa$d20230106
Etiqueta de registo: 00254nam 2200025 450 001 2155650 003 http://id.bnportugal.gov.pt/bib/catbnp/2155650 010 ## $a978-989-679-830-7 021 ## $aPT$b481007/21 100 ## $a20240207d2021 b y0pory01030103ba 101 1# $apor$ceng 102 ## $aPT 105 ## $aa z 000fy 106 ## $ar 200 1# $a As pintas e os pontos ;$a Os pontos e as pintas$fHelen Baugh, Marion Deuchars$gtrad. e adapt. Carina Mariais 205 ## $a1ª ed 210 #9 $aLisboa$cEdicare,$d2021 215 ## $a[17] p., [17] p.$cil.$d29 cm 517 1# $a Os pontos e as pintas 675 ## $a087.5$vBN$zpor$3287999 675 ## $a821.111-93"20"$vBN$zpor$31119373 700 #1 $aBaugh,$bHelen$31905956 701 #1 $aDeuchars,$bMarion,$f1964-$4070$31736658 702 #1 $aMariais,$bCarina$4730$31905958 801 #0 $aPT$bBN$gRPC 856 41 $uhttp://rnod.bnportugal.gov.pt/ImagesBN/winlibimg.aspx?skey=&doc=2155650&img=189575&save=true 900 ## $aBIBNAC$d20240315 966 ## $lBN$mFGMON$sP. 65593 V.$x1 966 ## $lBN$mFGMON$sP. 65593 V.-D$x1 971 ## $corlando$d20240207 972 ## $e0$z0$d20240315$vmsebas 973 ## $ctrodrigues$d20240220
Etiqueta de registo: 00254nam 2200025 450 001 2285187 003 http://id.bnportugal.gov.pt/bib/catbnp/2285187 010 ## $a978-989-573-001-8 021 ## $aPT$b514515/23 100 ## $a20260424d2023 em y0pory01030103ba 101 1# $apor 102 ## $aPT 105 ## $aa z 000yy 106 ## $ar 200 1# $aIoga para desajeitados$ftexto e il. Marion Deuchars$gtrad. Carina Mariais, Joana Barcelos 205 ## $a1ª ed 210 #9 $aLisboa$cEdicare,$d2023 215 ## $a[80] p.$cil.$d19 cm 700 #1 $aDeuchars,$bMarion,$f1964-$31736658 702 #1 $aMariais,$bCarina$4730$31905958 702 #1 $aBarcelos,$bJoana$4730$31996828 801 #0 $aPT$bBN$gRPC 966 ## $lBN$mFGMON$x1 966 ## $lBN$mFGMON$x1 971 ## $cssilva$d20260424
Etiqueta de registo: 00254nam 2200025 450 001 2285853 003 http://id.bnportugal.gov.pt/bib/catbnp/2285853 010 ## $a978-989-679-978-6 021 ## $aPT$b507683/22 100 ## $a20260506d2023 bc y0pory01030103ba 101 1# $apor$ceng 102 ## $aPT 105 ## $aa z 000yy 106 ## $ar 200 1# $aArte, arte, muita arte - cores$fMarion Deuchars$gtrad. Marta Prino Peres 205 ## $a1ª ed 210 #9 $aLisboa$cEdicare,$d2023 215 ## $a[80] p.$cil.$d29 cm 700 #1 $aDeuchars,$bMarion,$f1964-$31736658 702 #1 $aPeres,$bMarta Prino$4730$31812837 801 #0 $aPT$bBN$gRPC 966 ## $lBN$mFGMON$x1 966 ## $lBN$mFGMON$x1 971 ## $corlando$d20260506
Etiqueta de registo: 00254nam 2200025 450 001 2285850 003 http://id.bnportugal.gov.pt/bib/catbnp/2285850 010 ## $a978-989-679-977-9 021 ## $aPT$b507364/22 100 ## $a20260506d2023 bc y0pory01030103ba 101 1# $apor$ceng 102 ## $aPT 105 ## $aa z 000yy 106 ## $ar 200 1# $a Um livro sobre mim$ecaderno de atividades artísticas$fMarion Deuchars$gtrad. Marta Prino Peres 205 ## $a1ª ed 210 #9 $aLisboa$cEdicare,$d2023 215 ## $a[64] p.$cil.$d29 cm 700 #1 $aDeuchars,$bMarion,$f1964-$31736658 702 #1 $aPeres,$bMarta Prino$4730$31812837 801 #0 $aPT$bBN$gRPC 966 ## $lBN$mFGMON$x1 966 ## $lBN$mFGMON$x1 971 ## $corlando$d20260506
|
|
|